Κατάλογος Βιβλιοθηκών Mediterranean College

Εισαγωγή στις Δομές Δεδομένων και στους Αλγορίθμους / Υλοποίηση σε C (Record no. 6414)

MARC details
000 -LEADER
fixed length control field 01165cam a22001934a 4500
005 - ΗΜΕΡΟΜΗΝΙΑ ΚΑΙ ΩΡΑ ΤΕΛΕΥΤΑΙΑΣ ΕΝΗΜΕΡΩΣΗΣ
Πεδίο ελέγχου 20250605163534.0
008 - FIXED-LENGTH DATA ELEMENTS--GENERAL INFORMATION
Πεδίο ελέγχου σταθερού μήκους 250528s ||||||||||||||||||||||||d
035 ## - SYSTEM CONTROL NUMBER
System control number 21349
020 ## - ISBN
ISBN 9789603518327
040 ## - ΠΗΓΗ ΚΑΤΑΛΟΓΟΓΡΑΦΗΣΗΣ
Φορέας πρωτότυπης καταλογογράφησης MC Athens Campus Library
Γλώσσα καταλογογράφησης Ελληνικά, Μοντέρνα (1453-)
Modifying agency MC Athens Campus Library
Κανόνες περιγραφικής καταλογογράφησης AACR2
245 1# - ΤΙΤΛΟΣ ΚΑΙ ΔΗΛΩΣΗ ΥΠΕΥΘΥΝΟΤΗΤΑΣ
Τίτλος Εισαγωγή στις Δομές Δεδομένων και στους Αλγορίθμους / Υλοποίηση σε C
260 ## - PUBLICATION, DISTRIBUTION, ETC.
Name of publisher, distributor, etc. Σταμούλης,
Date of publication, distribution, etc. 2010
300 ## - PHYSICAL DESCRIPTION
Extent 452
520 ## - SUMMARY, ETC.
Summary, etc. Πρόλογος, Ορισμοί και Έννοιες Δεδομένων και Αλγόριθμων, Αναζήτηση και Ταξινόμηση και Αλγόριθμοι και Εφαρμογές σε Πίνακες, Δομές Δεδομένων, Αναδρομή και Δενδρικές Δομές, Αναδρομή και Δενδρικές Δομές, Αναδρομή και Δενδρικές Δομές: Σχεδίαση και Ανάλυση Αλγορίθμων, Θεωρία και Αλγόριθμοι Γραφημάτων, Βιβλιογραφία, Συμβολισμοί.
700 1# - ΠΡΟΣΘΕΤΗ ΑΝΑΓΡΑΦΗ--ΦΥΣΙΚΟ ΠΡΟΣΩΠΟ
Personal name Παπουτσής Ιωάννης
942 ## - ADDED ENTRY ELEMENTS (KOHA)
Koha item type Books
Holdings
Τύπος τεκμηρίου Βιβλιοθήκη Τρέχουσα τοποθεσία Barcode Αριθμός εισαγωγής Ημερομηνία απόκτησης Ταξιθετικό σύμβολο Αριθμός αντιτύπου Κατάσταση απόσυρσης Κατάσταση χαμένου Κατάσταση κατεστραμμένου Μη δανεισμός Σύνολο δανεισμών Ημερομηνία τελευταίας εμφάνισης Η τιμή ισχύει από
Books MC Athens Campus Library MC Athens Campus Library 9780000064134 5529 05/06/2025 005.73 PAP 1           05/06/2025 05/06/2025

MC Athens Campus Library
Πατησίων 94 & Κοδριγκτώνος 13, 104 34
Πελλήνης 8 & Πατησίων 107, 112 51
Τ: +30 210 8899600

MC Thessaloniki Campus Library
Ίωνος Δραγούμη 21, 54625 | Ίωνος Δραγούμη 15, 54625
Τ: +30 2310 287779 – Τ: +30 2314 440300